Voronoi Diagrams and Delaunay Triangulations /

Gespeichert in:
Bibliographische Detailangaben
Hauptverfasser: Aurenhammer, Franz (Verfasst von), Klein, Rolf (Verfasst von), Lee, Der-Tsai (Verfasst von)
Format: Buch
Sprache:Englisch
Veröffentlicht: New Jersey World Scientific 2013
Schlagworte:
Tags: Tag hinzufügen
Keine Tags, Fügen Sie das erste Tag hinzu!

MARC

LEADER 00000nam a22000003a 4500
001 0084582
003 SK-STU
005 20201123095010.0
007 ta
008 201123s ----xo-----e------000-0-----d
020 |a 978-981-4447-63-8 
040 |a STU  |b slo 
041 0 |a eng 
044 |a xxu 
100 1 |a Aurenhammer, Franz  |4 aut 
245 1 0 |a Voronoi Diagrams and Delaunay Triangulations /  |c aut. Franz Aurenhammer, Rolf Klein, Der-Tsai Lee 
260 |a New Jersey  |b World Scientific  |c 2013 
300 |a 337 s. 
650 0 7 |a diskrétna geometria 
700 1 |a Klein, Rolf  |4 aut 
700 1 |a Lee, Der-Tsai  |4 aut 
996 |b 284M088477  |c M* 14387-1  |l MMKN  |s A  |a 24  |w 0084582_0001